| 000 | 00000nam 2200000zi 4500 |
| 001 | 9.929426 |
| 003 | CaOODSP |
| 005 | 20240129133034 |
| 006 | m o d f |
| 007 | cr |n||||||||| |
| 008 | 231025t20232023onca ob f|0| 0 eng d |
| 020 | |a9780660684727 |
| 040 | |aCaOODSP|beng|erda|cCaOODSP |
| 043 | |an-cn--- |
| 086 | 1 |aH164-357/2023E-PDF |
| 245 | 00|aHow to tell different types of foods and health products apart. |
| 264 | 1|a[Ottawa] : |bHealth Canada = Santé Canada, |c2023. |
| 264 | 4|c©2023 |
| 300 | |a1 online resource (2 unnumbered pages) : |billustrations |
| 336 | |atext|btxt|2rdacontent |
| 337 | |acomputer|bc|2rdamedia |
| 338 | |aonline resource|bcr|2rdacarrier |
| 500 | |aIssued also in French under title: Comment distinguer différents types d'aliments et de produits de santé. |
| 500 | |aCaption title. |
| 504 | |aIncludes bibliographical references (page [2]). |
| 650 | 0|aFood|xLabeling|zCanada. |
| 650 | 0|aHealth products|xLabeling|zCanada. |
| 710 | 1 |aCanada. |bHealth Canada, |eissuing body. |
| 775 | 08|tComment distinguer différents types d'aliments et de produits de santé.|w(CaOODSP)9.929427 |
| 856 | 40|qPDF|s1.48 MB|uhttps://publications.gc.ca/collections/collection_2024/sc-hc/H164-357-2023-eng.pdf |
| 856 | 4 |qHTML|sN/A|uhttps://www.canada.ca/en/health-canada/services/publications/food-nutrition/how-tell-different-types-foods-health-products-apart.html |
| 986 | |a230523 |